Normal view
MARC view
- Monzani, Norberto Pablo
Entry Nombre Personal
001 - NUMERO DE CONTROL
- campo de control: 58662
003 - IDENTIFICADOR DE NUMERO DE CONTROL
- campo de control: MX-MxUPN
005 - FECHA Y HORA DE LA ÜLTIMA TRANSACCIÓN
- campo de control: 20260205104018.0
008 - DATOS DE LONGITUD FIJA
- campo de control de longitud fija: 260205|| aca||aabn | aaa d
040 ## - FUENTE DE CATALOGACIÓN
- Agencia original de catalogación: MX-MxUPN
- Lenguaje de catalogación: spa
- Agencia de transcripción: MX-MxUPN
100 1# - ENCABEZAMIENTO - NOMBRE PERSONAL
- Nombre personal: Monzani, Norberto Pablo
371 ## - DIRECCIÓN
- Electronic mail address: pablomonzani@gmail.com
373 ## - GRUPO ASOCIADO
- Associated group: Universidad Nacional de Tierra del Fuego (Argentina)
377 ## - LENGUA ASOCIADA
- Language code: spa
670 ## - FUENTE EN LA QUE SE LOCALIZARON DATOS
- Cita de la fuente: Educación, Lenguaje y Sociedad, vol. 23, núm. 23 (2024):
- Información localizada: (Norberto Pablo Monzani; Universidad Nacional de Tierra del Fuego, Argentina; pablomonzani@gmail.com)
902 ## - CATALOGADOR
- Catalogador: Víctor Ruiz/050226
